Efeito da aplicacao do calcario na linha [soja, semeadura, correcao do solo] (Registro n. 335031)
[ somente texto ]
| 000 -LÍDER | |
|---|---|
| campo de controle de tamanho fixo | 01020naa a22002897a 4500 |
| 001 - NÚMERO DE CONTROLE | |
| campo de controle | BR8503625 |
| 003 - IDENTIFICADOR DO NÚMERO DE CONTROLE | |
| campo de controle | BR-BrBNA |
| 005 - DATA E HORÁRIO DA ÚLTIMA TRANSAÇÃO | |
| campo de controle | 20250721154455.0 |
| 007 - CAMPO FIXO DE DESCRIÇÃO FÍSICA--INFORMAÇÃO GERAL | |
| campo de controle de tamanho fixo | ta |
| 008 - CAMPO DE DADOS FIXOS--INFORMAÇÃO GERAL | |
| campo de controle de tamanho fixo | 250630b bl.|||m| |||| 00| 0 por d |
| 040 ## - FONTE DA CATALOGAÇÃO | |
| Instituição da catalogação original | BR-BrBNA |
| Idioma da catalogação | por |
| Instituição que transcreveu o registro | Biblioteca Nacional de Agricultura |
| 041 ## - CÓDIGO DE IDIOMA | |
| Código do idioma do texto/trilha sonora ou título diferente | (Pt) |
| 072 ## - CÓDIGO DE CATEGORIA DE ASSUNTO | |
| Código de Categoria de Assunto | F04 |
| Código do objeto | 0336 |
| -- | 3840 |
| 090 ## - NÚMERO DE CHAMADA LOCAL | |
| Número de chamada | F04 BR8503625 |
| 100 1# - ENTRADA PRINCIPAL--NOME PESSOAL | |
| Nome pessoal | Nakayama, L.H.I. |
| 100 1# - ENTRADA PRINCIPAL--NOME PESSOAL | |
| Nome pessoal | Santos, R.F. |
| 245 1# - TÍTULO | |
| Título | Efeito da aplicacao do calcario na linha [soja, semeadura, correcao do solo] |
| 490 ## - TÍTULO DA SÉRIE | |
| Título da série | Documentos - Unidade de Execucao de Pesquisa de Ambito Estadual de Dourados (Brazil) |
| Número do volume ou designação sequencial da série | no. 14 |
| 500 ## - NOTA GERAL | |
| Nota geral | Resultados de pesquisa com soja - safra 1983/84<br/>Dourados, MS (Brasil): 1985. p. 62-65<br/>(BR8503625-AMS)<br/> |
| 650 ## - ASSUNTO--TERMO TÓPICO | |
| Cabeçalho tópico ou nome geográfico | SOJA |
| 650 ## - ASSUNTO--TERMO TÓPICO | |
| Cabeçalho tópico ou nome geográfico | CALCARIO |
| 650 ## - ASSUNTO--TERMO TÓPICO | |
| Cabeçalho tópico ou nome geográfico | CORRETIVO |
| 650 ## - ASSUNTO--TERMO TÓPICO | |
| Cabeçalho tópico ou nome geográfico | ACIDEZ DO SOLO |
| 773 0# - ENTRADA ANALÍTICA | |
| Título | Resultados de pesquisa com soja - safra 1983/84 |
| Número de controle do registro | F04 BR8503625 |
| Partes relacionadas | Dourados, MS (Brasil), 1985. p. 62-65 |
| 942 ## - ELEMENTOS DE ENTRADA ADICIONADOS (KOHA) | |
| Tipo de material Koha | Analítica de Monografia Seriada |
| Fonte da classificação ou esquema de arquivamento na estante | Classificação AGRIS |
| 909 ## - | |
| -- | 202506 |
| -- | Lúcia |
| -- | 55 |
| -- | Lúcia Elande |
| Situação do descarte | Fonte da classificação ou esquema de arquivamento na estante | Situação física | Não pode ser emprestado | Coleção | Biblioteca de origem | Biblioteca atual | Total de empréstimos | Número de telefone completo | Data de último acesso | Número do exemplar | Tipo de material Koha | Situação das perdas | Data de aquisição | Fonte de aquisição |
|---|---|---|---|---|---|---|---|---|---|---|---|---|---|---|
| Classificação AGRIS | Biblioteca Nacional de Agricultura - Binagri | Biblioteca Nacional de Agricultura - Binagri | 0336 BR8303006 | 30/06/2025 | 01 | Analítica de Monografia Seriada | 2025-06-30 | Portaria Interministerial nº 164/94 |

BINAGRI